000 01174nam a2200301 a 4500
001 ebr10017003
003 CaPaEBR
006 m u
007 cr cn|||||||||
008 961031s1997 enk sb 001 0 eng
010 _z 96039528
020 _z0415154383
040 _aCaPaEBR
_cCaPaEBR
035 _a(OCoLC)70769244
050 1 4 _aJC571
_b.H615 1997eb
082 0 4 _a323/.01
_221
100 1 _aHolt, Robin,
_d1966-
245 1 0 _aWittgenstein, politics and human rights
_h[electronic resource] /
_cRobin Holt.
260 _aLondon ;
_aNew York :
_bLSE/Routledge,
_c1997.
300 _a172 p.
504 _aIncludes bibliographical references (p. [142]-167) and index.
533 _aElectronic reproduction.
_bPalo Alto, Calif. :
_cebrary,
_d2013.
_nAvailable via World Wide Web.
_nAccess may be limited to ebrary affiliated libraries.
600 1 0 _aWittgenstein, Ludwig,
_d1889-1951
_xContributions in political science.
650 0 _aHuman rights.
655 7 _aElectronic books.
_2local
710 2 _aebrary, Inc.
856 4 0 _uhttp://site.ebrary.com/lib/rucke/Doc?id=10017003
_zAn electronic book accessible through the World Wide Web; click to view
999 _c28849
_d28849